Culture Générale - Série 1990 - Statistiques

Statistiques générales
  • Ce quiz a été pris 112 fois
  • Le résultat moyen est 4 sur 10
Statistiques - réponses
Question Réponse % Correct
Face à quelle grande ville le château d’If se trouve-t-il ? Marseille
78%
Quel animal est le titre d'un roman de Joseph Kessel, en 1958 ? lion
76%
Dans quelle ville italienne se trouve le gratte-ciel "tour Pirelli", également appelé "Pirellone" ? Milan
76%
Quel est le chef-lieu du département de l’Allier ? Moulins
58%
De quelle pièce de théâtre de Jean-Paul Sartre est extraite cette citation : "l'enfer, c'est les autres" ? huis clos
45%
Où siège la Cour de Justice de l’Union européenne ? Luxembourg
35%
En botanique, comment appelle-t-on les petites feuilles qui entourent la fleur ? sépales
24%
Quel groupe de rock français des années 1980 est synonyme de "consortium" ? trust
22%
Quelle était la nationalité du réalisateur Mrinal Sen (1923-2018) ? voir photo indienne
19%
Quel verbe familier de 5 lettres, synonyme de céder, flancher, signifie " reculer devant le danger ou la difficulté" ? caner
3%
Aucun quiz correspondant
Distribution des résultats
% des personnes avec chaque résultat
Percentile par nombre de réponses
Votre historique - résultats
Vous n’avez pas pris ce quiz